00325nam a2200145Ia 4500008004100000020001800041041000800059082001500067100001600082245002000098260002100118300000800139365001600147700001600163230718s9999 xx 000 0 und d a9781408850251 aeng a813.6bHOS aHosseini K. aThe Kite Runner c2013bBloomsbury a243 cRs.b499.00 aHosseini K.